00385nam a2200157Ia 4500008004100000020001800041082001900059100001900078245002900097250000600126260002800132300001000160500002400170650001500194700001800209230524s9999 xx 000 0 und d a9789350143933 a621.31913bBUR aSimmi P.Burman 0aHigh Voltage Engineering a1 aNew DelhibKatsonc2013 a235p; aQuantity Number: 1 aElectrical a Nikita Gupta